| 000 | 00714nam a22001817a 4500 | ||
|---|---|---|---|
| 999 |
_c15200 _d15200 |
||
| 003 | OSt | ||
| 082 | _2631.587 RAK/EF | ||
| 088 | _aT 148 | ||
| 100 |
_aRAKESH K. N _93356 |
||
| 245 | _aEffect of seal formation due to cattle manure application on infiltration and runoff | ||
| 260 |
_aTavanur 2003 _bDepartment of Irrigation and Drainage Engineering |
||
| 300 | _a96 | ||
| 500 | _aEffect of seal formation due to cattle manure application on infiltration and runoff | ||
| 520 | _aEffect of seal formation due to cattle manure application on infiltration and runoff | ||
| 700 |
_aEr. V. M Abdul Hakkim (Guide) _93357 |
||
| 856 | _uhttps://drive.google.com/open?id=1VYOOruJjVO7oHtFz7IMSU8p4y5aTT4XE | ||
| 942 | _cTH | ||